Лаборатория радиационного контроля ООО "ГЕОКОН". Два года: опыт работы; АНРИ; Аппаратура и новости радиационных измерений; № 2

Bibliografski detalji
Parent link:АНРИ.— , 2000-
Аппаратура и новости радиационных измерений: научно-информационный журнал/ Доза ; Государственный комитет по санэпиднадзору РФ ; Метрологическая академия РФ
№ 2.— 2005.— С. 54-72
Glavni autor: Баннов Ю. А.
Jezik:ruski
Izdano: 2005
Serija:Практика
Teme:
Format: Poglavlje knjige
KOHA link:https://koha.lib.tpu.ru/cgi-bin/koha/opac-detail.pl?biblionumber=398206

MARC

LEADER 00000naa2a2200000 4500
001 398206
005 20231101065021.0
035 |a (RuTPU)RU\TPU\prd\38066 
090 |a 398206 
100 |a 20050915a2005 k y0rusy50 ca 
101 0 |a rus 
102 |a RU 
200 1 |a Лаборатория радиационного контроля ООО "ГЕОКОН". Два года: опыт работы  |f Ю. А. Баннов 
225 1 |a Практика 
461 0 |0 (RuTPU)RU\TPU\prd\1302  |t АНРИ  |d 2000- 
461 |t Аппаратура и новости радиационных измерений  |o научно-информационный журнал  |f Доза ; Государственный комитет по санэпиднадзору РФ ; Метрологическая академия РФ 
463 0 |0 (RuTPU)RU\TPU\prd\37169  |t № 2  |v С. 54-72  |d 2005 
610 1 |a радиационный контроль 
610 1 |a радоноопасность участков 
610 1 |a строительство зданий 
610 1 |a радиология 
610 1 |a практический опыт 
610 1 |a средства измерений 
610 1 |a обобщение 
610 1 |a лаборатории 
610 1 |a нормативная документация 
610 1 |a санитарно-гигиенические нормативы 
700 1 |a Баннов  |b Ю. А. 
801 1 |a RU  |b 63413507  |c 20050915  |g PSBO 
801 2 |a RU  |b 63413507  |c 20120321  |g RCR 
942 |c BK